Catholic University of Zimbabwe Library
Online Public Access Catalogue
(OPAC)

The agony and the ecstasy : (Record no. 4265)

MARC details
000 -LEADER
fixed length control field 01324cam a22003134a 4500
001 - CONTROL NUMBER
control field 0000004437
005 - DATE AND TIME OF LATEST TRANSACTION
control field 20170406115826.0
008 - FIXED-LENGTH DATA ELEMENTS--GENERAL INFORMATION
fixed length control field 071126s2007 it a bc 000 0 eng d
010 ## - LIBRARY OF CONGRESS CONTROL NUMBER
LC control number 2007457164
020 ## - INTERNATIONAL STANDARD BOOK NUMBER
International Standard Book Number 9788836609710 :
Terms of availability 28.00 EUR
035 ## - SYSTEM CONTROL NUMBER
System control number (ItFiC)it 07284438
040 ## - CATALOGING SOURCE
Original cataloging agency ItFiC
Transcribing agency ItFiC
Modifying agency DLC
042 ## - AUTHENTICATION CODE
Authentication code copycat=LC copy cataloging
050 00 - LIBRARY OF CONGRESS CALL NUMBER
Classification number ND623.R6
Item number A4 2007
245 04 - TITLE STATEMENT
Title The agony and the ecstasy :
Remainder of title Guido Reni's Saint Sebastians /
Statement of responsibility, etc. edited by Piero Boccardo, Xavier F. Salomon.
260 ## - PUBLICATION, DISTRIBUTION, ETC.
Place of publication, distribution, etc. Cinisello Balsamo, Milano :
Name of publisher, distributor, etc. Silvana,
Date of publication, distribution, etc. c2007.
300 ## - PHYSICAL DESCRIPTION
Extent 127 p. :
Other physical details ill. (some col.) ;
Dimensions 24 cm.
500 ## - GENERAL NOTE
General note Catalog of an itinerant exhibition held at the Musei di Strada nuova, Genoa, Italy, Oct. 2007-Jan. 2008, and at the Dulwich Picture Gallery, London, England, Feb. 5-May 11, 2008.
504 ## - BIBLIOGRAPHY, ETC. NOTE
Bibliography, etc. note Includes bibliographical references (p. 122-127).
600 10 - SUBJECT ADDED ENTRY--PERSONAL NAME
Personal name Reni, Guido,
Dates associated with a name 1575-1642
Form subdivision Exhibitions.
600 00 - SUBJECT ADDED ENTRY--PERSONAL NAME
Personal name Sebastian,
Titles and other words associated with a name Saint
Form subdivision Art
-- Exhibitions.
700 1# - ADDED ENTRY--PERSONAL NAME
Personal name Boccardo, Piero.
700 1# - ADDED ENTRY--PERSONAL NAME
Personal name Salomon, Xavier F.,
Dates associated with a name 1979-.
700 1# - ADDED ENTRY--PERSONAL NAME
Personal name Reni, Guido,
Dates associated with a name 1575-1642.
710 2# - ADDED ENTRY--CORPORATE NAME
Corporate name or jurisdiction name as entry element Musei di Strada nuova (Genoa, Italy)
710 2# - ADDED ENTRY--CORPORATE NAME
Corporate name or jurisdiction name as entry element Dulwich Picture Gallery.
856 41 - ELECTRONIC LOCATION AND ACCESS
Materials specified Table of contents
Uniform Resource Identifier <a href="http://www.loc.gov/catdir/toc/casalini07/07284438.pdf">http://www.loc.gov/catdir/toc/casalini07/07284438.pdf</a>
908 ## - PUT COMMAND PARAMETER (RLIN)
Put command parameter 140918
Holdings
Withdrawn status Lost status Source of classification or shelving scheme Damaged status Not for loan Home library Current library Shelving location Date acquired Total Checkouts Full call number Barcode Date last seen Copy number Price effective from Koha item type
          CUZ Harare Campus CUZ Harare Campus Open Shelf 06.04.2017   PZ 3. S87872AG BK0005241 22.05.2025 CU4934 06.04.2017 OS Book

OPENING HOURS

Weekdays: 0815hrs - 1800hrs
Weekends:0900hrs - 1200hrs

Closed for Mass:

Mon, Thur: 1200hrs - 1300hrs
Sunday & Public Holiday’s

CALL SUPPORT

0242-570570, 0242-570169
09200664, +263 8644140602

LOCATION

18443, Cranborne Avenue, Hatfield, Harare

Other Links


©2021 | CUZ Library